| 000 | 01024nam a22002897i 4500 | ||
|---|---|---|---|
| 003 | DO-SdBNP | ||
| 005 | 20240718141859.0 | ||
| 007 | ta | ||
| 008 | 210824b2021 dr ||||| |||| 00| j spa d | ||
| 020 | _a9789945914078 | ||
| 040 |
_aDO-SdBNP _bspa _cBNPHU _erda |
||
| 082 | 4 |
_aRD863.44 _bH565c _222 |
|
| 100 | 1 |
_aHerrera Maluf, Paulo, _d1967- _979545 _eautor |
|
| 245 | 1 | 3 |
_aLa ciudad del corazón : _bmemorias emocionales del Santiago que fue / _cPaulo Herrera Maluf ; prólogo, Fernando Cabrera prefacio, |
| 264 | 1 |
_aSanto Domingo : _bUniversitaria Bonó ; _c©2021. |
|
| 300 |
_a492 páginas ; _c23 cm. |
||
| 336 |
_2rdacontent _atexto _btxt |
||
| 337 |
_2rdamedia _asin mediación _bn |
||
| 338 |
_2rdacarrier _avolumen _bnc |
||
| 590 | _aInventariado, 2021/BT | ||
| 590 | _aLa biblioteca posee 1 ejemplar autografiado por el autor | ||
| 650 | 4 |
_aCuento dominicano _926903 |
|
| 650 | 4 |
_aLiteratura dominicana _979687 |
|
| 700 | 1 |
_aCabrera, Fernando, _epróloguista _934503 |
|
| 910 | _aBtavárez | ||
| 942 |
_2ddc _cLBS1 |
||
| 999 |
_c50261 _d50261 |
||